00455nam a2200169 a 4500001001300000003000900013005001700022008004100039020000900080082001500089245004400104260004600148300000800194500003500202650002000237710002800257nice12345678IN_TiNIC20260116012043.0070530s1969 azaa grp 000 0 eng  ac1000a017.2bMAK aJadeed Fehrist Matbooat Darul Musanafin aAzamgarh bMaktaba Darul Musanafin c1969 a16p aincludes index and biblioraphy aCatalogue-Books2 aMaktaba Darul Musanafin